000 00512cam a2200205ua 4500
001 1351
008 110706n ii |||gr||||Z||||||asm
020 _a81-237-0718-5
040 _cMAIN
082 _a301.0954
100 _aDube, Shyamcharan,
245 1 _aBharatiya Samaj
_cBy Shyamcharan Dube
250 _a1st.
260 _aNew Delhi:
_bNational Book Trust,994.
300 _avi; 130p:
_c23cm.
653 _aSociology
653 _aIndian Society
700 _aEdited by Sharma, Devabrat.
942 _cBK
999 _c1249
_d1249